| 000 | 00607nam a22001817a 4500 | ||
|---|---|---|---|
| 003 | OSt | ||
| 005 | 20260226033541.0 | ||
| 008 | 260226b |||||||| |||| 00| 0 eng d | ||
| 020 | _a978-971-510-329-9 | ||
| 040 |
_aDWC-Admin lib _cOC |
||
| 082 | _aFil. 200 UY97n 2024 | ||
| 100 | _aUy, Vicente L. | ||
| 245 |
_aThe native clergy in the first half of the nineteenth century / _cVicente L. Uy |
||
| 260 |
_aManila, Philippines: _bLogos Publication, _cc2024. |
||
| 300 |
_a118 pages: _bilustrations; _c23 cm. |
||
| 504 | _aIncludes endnotes and bibliographical references | ||
| 942 |
_2ddc _cBK-FIL _hFil. _n0 |
||
| 999 |
_c8554 _d8554 |
||